| 000 | 00309nam a2200109Ia 4500 | ||
|---|---|---|---|
| 008 | 190906s9999||||xx |||||||||||||| ||und|| | ||
| 100 | _a Geoffrey Darnton | ||
| 245 | 0 | _aInformation Systems in Organization (Improving Business Processes) | |
| 260 |
_aNew york _bPrentice Hall _c1996 |
||
| 300 | _a441 | ||
| 942 | _cBK | ||
| 999 |
_c6051 _d6051 |
||